000 00503nam a2200193 a 4500
001 12970
003 CO-ViMGA
008 141112s2004 ck r 000 u spa d
020 _a9589501001
040 _aCO-ViMGA
_bspa
_cCO-ViMGA
082 0 4 _aCo863.08 C17a
100 1 _aCarrasquilla, Tomás
_918910
245 1 0 _aAntologia de cuentos
260 _aMedellín :
_bComfenalco,
_c1992
300 _a824p.
650 1 4 _aCOLECCIONES DE ESCRITOS
_915663
650 1 4 _aCUENTOS COLOMBIANOS
942 _2ddc
_cBK
999 _c23869
_d23869